Technology management and international business
Gardado en:
| Autor Principal: | |
|---|---|
| Formato: | Libro |
| Idioma: | Undetermined |
| Publicado: |
New York
John Wiley & Sons
1992
|
| Những chủ đề: | |
| Các nhãn: |
Engadir etiqueta
Sen Etiquetas, Sexa o primeiro en etiquetar este rexistro!
|
| Thư viện lưu trữ: | Trung tâm Học liệu Trường Đại học Cần Thơ |
|---|
| LEADER | 00489nam a2200181Ia 4500 | ||
|---|---|---|---|
| 001 | CTU_78082 | ||
| 008 | 210402s9999 xx 000 0 und d | ||
| 082 | |a 658.5 | ||
| 082 | |b G759 | ||
| 100 | |a Granstrand, Ove | ||
| 245 | 0 | |a Technology management and international business | |
| 245 | 0 | |c Ove Granstrand | |
| 260 | |a New York | ||
| 260 | |b John Wiley & Sons | ||
| 260 | |c 1992 | ||
| 650 | |a Technology | ||
| 650 | |x Management | ||
| 980 | |a Trung tâm Học liệu Trường Đại học Cần Thơ | ||